| 000 | 00854nam a2200217Ia 4500 | ||
|---|---|---|---|
| 999 |
_c40134 _d40134 |
||
| 001 | 6740 | ||
| 003 | GE_BSU | ||
| 005 | 20200108113655.0 | ||
| 008 | 181216s1973||||g |||||||||||||| ||ge || | ||
| 040 | _cGE_BSU | ||
| 041 | _ageo | ||
| 080 | _a821.353.1-1 გ-45 | ||
| 100 |
_aგვეტაძე, რაჟდენ. _95973 |
||
| 245 |
_aშემოღამება საპუნგორაზე : _bლექსები / _cრაჟდენ გვეტაძე ; რედ. გრ. ჯულუხიძე. |
||
| 264 |
_aთბილისი : _bმერანი, _c1973. |
||
| 300 |
_a121 გვ. ; _c17 სმ. |
||
| 653 | _aლექსები | ||
| 653 | _aშემოღამება საპუნგორაზე | ||
| 700 |
_aჯულუხიძე, გრ. _eრედაქტორი _94382 |
||
| 942 |
_cBK _2udc |
||